000 00288nam a22001097a 4500
008 230620b xxu||||| |||| 00| 0 eng d
082 _a496.03
_bMOH
245 _aModern Swahili Grammar
260 _aNairobi
_bEast African Education Publishers Ltd
_c2001
300 _a271p.
942 _2ddc
_cBK
999 _c1504
_d1504